Mehnersmoos - "Couplegoals" Lyrics erraten - Statistiken

Allgemein
  • Dieses Quiz wurde 4 mal gespielt
  • Das Durchschnittsergebnis liegt bei 156 aus 297
Antwortstatistiken
Antwort % Korrekt
bin
100%
Das
100%
das
100%
Die
100%
die
100%
du
100%
ich
100%
ihr
100%
ja
100%
mir
100%
mit
100%
nicht
100%
noch
100%
sie
100%
und
100%
wie
100%
alle
67%
Bier
67%
bis
67%
Couplegoals
67%
dann
67%
deine
67%
deiner
67%
der
67%
dir
67%
ein
67%
es
67%
hab
67%
haben
67%
heute
67%
in
67%
ist
67%
jeden
67%
kein
67%
komm
67%
man
67%
mein
67%
oder
67%
oh
67%
sauf
67%
sind
67%
so
67%
tag
67%
wann
67%
wir
67%
zu
67%
zum
67%
zur
67%
alkohol
33%
anal
33%
Baby
33%
baby
33%
bei
33%
Bett
33%
doch
33%
ficken
33%
frau
33%
frauen
33%
hätt
33%
hier
33%
jetzt
33%
keiner
33%
kommt
33%
leute
33%
mag
33%
männer
33%
mehr
33%
nie
33%
nur
33%
rauch
33%
Schnaps
33%
sex
33%
Tod
33%
trinken
33%
tut
33%
voll
33%
von
33%
werden
33%
willst
33%
yeah
33%
aids
0%
Aids
0%
album
0%
alcopop
0%
aldi
0%
april
0%
Armani
0%
atemnot
0%
bald
0%
Banani
0%
Bruno
0%
Cola
0%
cool
0%
coolen
0%
Duft
0%
einfach
0%
energy
0%
erfriert
0%
essen
0%
fake
0%
fett
0%
fragen
0%
gay
0%
Gianni
0%
glaube
0%
grapefruit
0%
Grapejuice
0%
Greygoose
0%
Hennesy
0%
Herz
0%
hey
0%
hoe
0%
Hugo
0%
märz
0%
Maydn
0%
Medde
0%
news
0%
onanieren
0%
rap
0%
sagen
0%
salat
0%
schickt
0%
schöfferhofer
0%
Schuh
0%
sodass
0%
stehen
0%
Tinder
0%
Versace
0%
wurst
0%
Keine übereinstimmenden Quizze gefunden
Verteilung der Resultate
Anzahl Personen mit jedem Resultat
Perzentil nach korrekt beantworteten Fragen
Ihre Resultats-Entwicklung
Sie haben dieses Quiz noch nicht gespielt